000 00678nam a22002177a 4500
003 DO-SdBNP
005 20221109142142.0
007 ta
008 221109b2018 dr a|||| |||| 00| 0 spa d
020 _a9789945168822
040 _aDO-SdBNP
_bspa
_cBNPHU
100 1 _aUbrí Pimentel, Ramón Arturo
_971206
245 1 0 _aRevelaciones /
_cRamón Arturo Ubrí Pimentel ; ilustraciones Jatniel Ramírez
260 _aSanto Domingo :
_bBúho,
_c2018.
300 _a50 p. :
_bil. ;
_c22 cm.
500 _aIncluye datos biográficos del autor en las solapas
590 _aInventariado, 2022/BT
700 1 _aRamírez, Jatniel,
_eil.
_982781
910 _aBtavárez
942 _2ddc
_cLBS1
999 _c52848
_d52848